[Event "ROM-ch U10 Boys"]
[Site "Voineasa"]
[Date "2008.04.16"]
[Round "7"]
[White "Ursu, Razvan Mihai"]
[Black "Ionica, Andrei"]
[Result "0-1"]
[WhiteElo "537"]
[BlackElo "437"]
[PlyCount "88"]
[EventDate "2008.04.08"]
[EventType "swiss"]
[EventRounds "9"]
[EventCountry "ROU"]
[SourceTitle "EXT 2013"]
[Source "ChessBase"]
[SourceDate "2012.11.22"]
[SourceVersion "1"]
[SourceVersionDate "2012.11.22"]
[SourceQuality "1"]

1. e4 e5 2. Nf3 Nc6 3. Bc4 Bc5 4. Nc3 d6 5. d3 Bg4 6. Be3 Bxe3 7. fxe3 Qd7 8. Qd2 0-0-0 9. 0-0-0 Nf6 10. h3 Bh5 11. g4 Bg6 12. g5 Nh5 13. d4 Ng3 14. Qh2 Nxh1 15. dxe5 Nf2 16. Qxf2 Rhe8 17. Bb5 a6 18. Ba4 Qxh3 19. Bxc6 bxc6 20. exd6 Rxd6 21. Rxd6 cxd6 22. Nd2 Qh1+ 23. Qf1 Qxf1+ 24. Nxf1 Bxe4 25. Nxe4 Rxe4 26. Kd2 Kd7 27. Kd3 Rg4 28. Nh2 Rxg5 29. Nf3 Rg3 30. Nd4 h5 31. Nf5 Rg1 32. Nh4 Rg4 33. Nf3 h4 34. Nh2 Rg2 35. Nf1 h3 36. c4 Rg1 37. Nh2 Rg2 38. Nf1 g5 39. b4 g4 40. a4 g3 41. b5 cxb5 42. cxb5 axb5 43. axb5 h2 44. Nxh2 gxh2 0-1